000 00392pam a2200157a 44500
008 230515b1984 xxu||||| |||| 00| 0 eng d
020 _aNULL
041 _aENGL
082 _a620.001515353 /HUS
100 _aHUSTON R.L.&PASSERELLO C.E.
245 _aFINITE ELEMENT METHODS AN INTRODUCTION
250 _aN.D.
260 _aNULL
_bMARCE
_c1984
300 _aVII; 295 H.B.
650 _aNULL
999 _c654311
_d654311